|
|
|
|
| LEADER |
01333nam a2200361Ia 4500 |
| 001 |
EBC989183 |
| 003 |
MiAaPQ |
| 005 |
20200520144314.0 |
| 006 |
m o d | |
| 007 |
cr cn||||||||| |
| 008 |
110509s2012 enka sb 001 0 eng d |
| 010 |
|
|
|z 2011018364
|
| 020 |
|
|
|z 9781107002975 (hardback)
|
| 020 |
|
|
|a 9781139554213 (electronic bk.)
|
| 035 |
|
|
|a (MiAaPQ)EBC989183
|
| 035 |
|
|
|a (Au-PeEL)EBL989183
|
| 035 |
|
|
|a (CaPaEBR)ebr10591049
|
| 035 |
|
|
|a (CaONFJC)MIL388757
|
| 035 |
|
|
|a (OCoLC)821889743
|
| 040 |
|
|
|a MiAaPQ
|c MiAaPQ
|d MiAaPQ
|
| 050 |
|
4 |
|a HB135
|b .M667 2012
|
| 082 |
0 |
4 |
|a 330.01/5195
|2 23
|
| 100 |
1 |
|
|a Morgan, Mary S.
|
| 245 |
1 |
4 |
|a The world in the model
|h [electronic resource] :
|b how economists work and think /
|c Mary S. Morgan.
|
| 260 |
|
|
|a Cambridge ;
|a New York :
|b Cambridge University Press,
|c c2012.
|
| 300 |
|
|
|a xvii, 421 p. :
|b ill.
|
| 504 |
|
|
|a Includes bibliographical references and index.
|
| 533 |
|
|
|a Electronic reproduction. Ann Arbor, MI : ProQuest, 2015. Available via World Wide Web. Access may be limited to ProQuest affiliated libraries.
|
| 650 |
|
0 |
|a Economics
|x Mathematical models.
|
| 650 |
|
0 |
|a Economists.
|
| 655 |
|
4 |
|a Electronic books.
|
| 710 |
2 |
|
|a ProQuest (Firm)
|
| 856 |
4 |
0 |
|u https://ebookcentral.proquest.com/lib/matrademy/detail.action?docID=989183
|z Click to View
|